Footballers with 100 or more Premier League Goals - Statistics

General Stats
  • This quiz has been taken 70 times
    31 since last reset
  • The average score is 23 of 34
Answer Stats
Goals Club Nationality Player % Correct
213 Tottenham Hotspur England Harry Kane
100%
135 Liverpool Egypt Mohamed Salah
100%
208 Manchester United England Wayne Rooney
100%
103 Manchester United Portugal Cristiano Ronaldo
96%
104 Chelsea Ivory Coast Didier Drogba
96%
175 Arsenal France Thierry Henry
96%
260 Newcastle United England Alan Shearer
93%
177 Chelsea England Frank Lampard
93%
184 Manchester City Argentina Sergio Aguero
93%
134 Leicester City England Jamie Vardy
89%
111 Liverpool Senegal Sadio Mane
89%
121 Everton Belgium Romelu Lukaku
85%
150 Liverpool England Michael Owen
78%
144 Arsenal Netherlands Robin Van Persie
78%
120 Liverpool England Steven Gerrard
74%
126 Tottenham Hotspur Ireland Robbie Keane
70%
109 Manchester United Wales Ryan Giggs
70%
117 Manchester City England Raheem Sterling
67%
113 Arsenal England Raheem Sterling
67%
187 Manchester United England Andy Cole
63%
107 Manchester United England Paul Scholes
63%
108 Stoke City England Peter Crouch
63%
162 Tottenham Hotspur England Jermain Defoe
48%
100 Southampton England Matt Le Tissier
44%
163 Liverpool England Robbie Fowler
44%
106 Tottenham Hotspur South Korea Son Hueng-Min
44%
146 Tottenham Hotspur England Teddy Sheringham
44%
123 Aston Villa Trinidad & Tobago Dwight Yorke
41%
125 Chelsea France Nicolas Anelka
41%
110 Liverpool England Emile Heskey
33%
127 Chelsea Netherlands Jimmy Floyd Hasselbaink
33%
149 Queens Park Rangers England Leslie Ferdinand
33%
106 Sunderland England Darren Bent
30%
111 Coventry City England Dion Dublin
22%
No matching quizzes found
Score Distribution
Percent of People with Each Score
Percentile by Number Answered
Your Score History
You have not taken this quiz since the last reset